000 00386cam a2200169 4500
001 D13676
008 090401t1955 xxu||||| |||| 00| 0 eng d
035 _a(Sirsi) u11094
041 _aeng
100 _aRalphs, S.
245 _aElementary quantity surveying
260 _bSir Isaac Pitman & Sons
_c1955
350 _a0
520 _aShelf 133
942 _n0
948 _c04/03/1997
999 _c86811
_d86811